Every Starting QB for the Seattle Seahawks - Statistics

General Stats
  • This quiz has been taken 17 times
    9 since last reset
  • The average score is 7 of 25
Answer Stats
QB % Correct
Drew Lock
100%
Geno Smith
100%
Russell Wilson
100%
Sam Darnold
88%
Matt Hasselbeck
75%
Tarvaris Jackson
63%
Dave Krieg
50%
Jim Zorn
38%
Seneca Wallace
25%
Warren Moon
25%
Brock Huard
13%
Charlie Whitehurst
13%
Jon Kitna
13%
Trent Dilfer
13%
Bruce Mathison
0%
Charlie Frye
0%
Dan McGwire
0%
Gale Gilbert
0%
Glenn Foley
0%
Jeff Kemp
0%
John Friesz
0%
Kelly Stouffer
0%
Rick Mirer
0%
Stan Gelbaugh
0%
Steve Myer
0%
No matching quizzes found
Score Distribution
Percent of People with Each Score
Percentile by Number Answered
Your Score History
You have not taken this quiz since the last reset